000 00572nam a22001937a 4500
005 20250211145713.0
010 _a127230
020 _c299.00
_a9788194906292
035 _aEN-127230
037 _bDBAD
082 _a808.883
_b1
100 _aChaturvedi Abhishek
_977491
245 _aThe Significant Soul/
_cBy Abhishek Chaturvedi
_hEnglish
250 _a1
260 _aNew Delhi
_bHighbrow Scribes Publication
_c2022
270 _bNew Delhi
_a55-c Jhang Appts, Sec-13- Rohini
_e110085
300 _a198
_c21cm (p)
942 _2ddc
_cEN
_h808.883
_mCha
999 _c208983
_d208983